The Law of Partnership in India/ (Record no. 178733)

MARC details
000 -LEADER
fixed length control field 00715nam a22001937a 4500
005 - DATE AND TIME OF LATEST TRANSACTION
control field 20210412143634.0
010 ## - LCCN (DPL NO)
LC control number ENG-129439
020 ## - INTERNATIONAL STANDARD BOOK NUMBER
Terms of availability 1695.00
International Standard Book Number 978-93-89991-26-0
035 ## - SYSTEM CONTROL NUMBER
System control number EN-112971
037 ## - SOURCE OF ACQUISITION
Source of stock number/acquisition DBAD/PUB
082 ## - DEWEY DECIMAL CLASSIFICATION NUMBER
Classification number 346.540682
100 ## - MAIN ENTRY--PERSONAL NAME
Personal name Desai, Satyajeet A
245 ## - TITLE STATEMENT
Title The Law of Partnership in India/
Statement of responsibility, etc Satyajeet A Desai
250 ## - EDITION STATEMENT
Edition statement 8th
260 ## - PUBLICATION, DISTRIBUTION, ETC. (IMPRINT)
Place of publication, distribution, etc Haryana
Name of publisher, distributor, etc Lexis Nexis
Date of publication, distribution, etc 2020
270 ## - ADDRESS
Address 14th Floor, Building No 10, Tower B, DLF Colony Cyber City, Phase-II, Gurgaon
City Haryana
Postal code 122002
Telephone number 91 124 4774444
Electronic mail address help.in@lexisnexis.com
Fax number 91 124 4774100
300 ## - PHYSICAL DESCRIPTION
Extent cxx+615p.
Dimensions 24cm(hbk)
Other physical details including Bibliographical references and index.
942 ## - ADDED ENTRY ELEMENTS (KOHA)
Source of classification or shelving scheme Dewey Decimal Classification
Item type English Books
Classification part 346.540682
Call number suffix DES
Holdings
Withdrawn status Lost status Not for loan Collection code Home library Current library Date acquired Source of acquisition Cost, normal purchase price Full call number Barcode Copy number Cost, replacement price Koha item type
      Non-fiction Central Library Central Library 12/04/2021 DBAD/PUB 1695.00 346.540682 DES EN-112971 1 1695.00 English Books

© Delhi Public Library
Hit Counter
free hit counter